LIEČENIE VČELÍMI PRODUKTAMI

Bibliographic Details
Main Author: -mf- (Author)
Format: Article
Language:Slovak

MARC

LEADER 00000nab a2200000ua 4500
001 vtls010805478
003 SK-MaSNL
005 20260303120356.0
008 230131s2000 xo |||||||||||||||||slo|
035 |a (urnnbn)urn:nbn:sk:snk:ar-a00rhn 
035 |a (uuid)ef1cedaa-1479-4cf8-ae0a-4023f1234bfc 
035 |a urn:nbn:sk:snk-ab52b3 
040 |a SNKBUCL  |b slo  |c SNKBUCL  |e AACR2 
041 0 |a slo 
044 |a xo  |c SK 
100 1 |a -mf-  |4 aut  |9 902409 
245 1 0 |a LIEČENIE VČELÍMI PRODUKTAMI  |c -Mf- 
773 0 |t Včelár : odborný časopis Povereníctva poľnohospodárstva a lesného hospodárstva a Ústredia včelárskych združení na Slovensku  |g Roč. 74, č. 1 (2000), s. 11 
954 |a odborná, vedecká literatúra pôvodná (slovenská)  |2 lita 
958 |a OND 
958 |a EUIPO 
958 |a article3 
999 |c 1909255  |d 1911185